| 000 | 00957nam a2200241Ia 4500 | ||
|---|---|---|---|
| 008 | 130821s1997 enka gr eng | ||
| 020 | _a052158003X | ||
| 020 | _a521589975 | ||
| 040 |
_aCo-BoUCM _bspa |
||
| 041 | 0 | 0 | _aeng |
| 245 | 0 | 0 |
_aApplied methods for trade policy analysis a handbook _ceditado por Joseph F. Francois, Kenneth A. Reinert |
| 260 |
_aCambridge (Inglaterra) _bCambridge University Press _c1997 |
||
| 300 |
_axv, 560 páginas _bgráficas |
||
| 504 | _aIncluye referencias bibliograficas e indice de autor y de materias. | ||
| 650 | 0 | 4 |
_aComercio _911192 |
| 650 | 0 | 4 |
_aModelos econométricos _919668 |
| 650 | 0 | 4 |
_aPolítica comercial _97944 |
| 700 | 1 | _aFrancois, Joseph F. ed. | |
| 700 | 1 | _aReinert, Kenneth A. ed. | |
| 856 | 4 | 2 |
_zConsulte la tabla de contenido haciendo clic aquí _uhttp://www.loc.gov/catdir/toc/cam025/96030246.html |
| 942 |
_a7 _e1 _kR _mA652 _cLIBROREF _2DEWEY _h382.3 |
||
| 999 |
_c65381 _d65381 |
||